<?xml version="1.0" encoding="UTF-8"?>
<collection xmlns="http://www.loc.gov/MARC21/slim">
<record>
  <controlfield tag="001">154077</controlfield>
  <controlfield tag="005">20250512161015.0</controlfield>
  <datafield tag="037" ind1=" " ind2=" ">
    <subfield code="a">TAZ-TFG-2024-1443</subfield>
  </datafield>
  <datafield tag="041" ind1=" " ind2=" ">
    <subfield code="a">spa</subfield>
  </datafield>
  <datafield tag="100" ind1="1" ind2=" ">
    <subfield code="a">Dadbin Shajari, Elmira</subfield>
  </datafield>
  <datafield tag="242" ind1="0" ind2="0">
    <subfield code="a">Oral rehabilitation in partially edentulous patients with loss of vertical dimension and functional requirements. A report of two cases.</subfield>
  </datafield>
  <datafield tag="245" ind1="0" ind2="0">
    <subfield code="a">Rehabilitación oral en el paciente parcialmente edéntulo con pérdida de dimensión vertical y requerimientos funcionales. A propósito de dos casos clínicos.</subfield>
  </datafield>
  <datafield tag="260" ind1=" " ind2=" ">
    <subfield code="a">Zaragoza</subfield>
    <subfield code="b">Universidad de Zaragoza</subfield>
    <subfield code="c">2024</subfield>
  </datafield>
  <datafield tag="506" ind1=" " ind2=" ">
    <subfield code="a">by-nc-sa</subfield>
    <subfield code="b">Creative Commons</subfield>
    <subfield code="c">3.0</subfield>
    <subfield code="u">http://creativecommons.org/licenses/by-nc-sa/3.0/</subfield>
  </datafield>
  <datafield tag="520" ind1=" " ind2=" ">
    <subfield code="a">Un adecuado estado de salud bucodental es esencial para conservar la estética, la función de masticación, la fonética y el bienestar general de un individuo. El edentulismo reduce notablemente estos factores, lo que resulta en trauma físico, social y psicológico.&lt;br />En el presente trabajo se exponen dos casos clínicos de pacientes adultos parcialmente edéntulos con pérdida de dimensión vertical, que acuden al Servicio de Prácticas Odontológicas de la Universidad de Zaragoza para rehabilitar la totalidad de su boca.&lt;br />El caso 1 es un paciente de 62 años, fumador y con una higiene oral deficiente. Presenta maxilar superior edéntulo y clase I de Kennedy modificación 1 en maxilar inferior.&lt;br />El caso 2 es un paciente de 57 años, fumador, con hipertensión arterial controlada y una higiene oral deficiente. Presenta clase II de Kennedy modificación 2 en maxilar superior y clase I modificación 1 en la arcada inferior.&lt;br />El objetivo en ambos casos es restablecer la salud oral y devolver la funcionalidad a través del diagnóstico y planificación del tratamiento. Tras la realización de una revisión bibliográfica basada en la evidencia científica que contempla las ventajas y desventajas de cada tipo de rehabilitación, se ofrecen a cada paciente distintas opciones terapéuticas que van de la más óptima a la menos; y por tanto yendo desde la prótesis fija sobre implantes hasta la prótesis removible de acrílico.&lt;br />&lt;br /></subfield>
  </datafield>
  <datafield tag="521" ind1=" " ind2=" ">
    <subfield code="a">Graduado en Odontología</subfield>
  </datafield>
  <datafield tag="540" ind1=" " ind2=" ">
    <subfield code="a">Derechos regulados por licencia Creative Commons</subfield>
  </datafield>
  <datafield tag="856" ind1="0" ind2=" ">
    <subfield code="f">808772@unizar.es</subfield>
  </datafield>
  <datafield tag="856" ind1="4" ind2=" ">
    <subfield code="s">562074</subfield>
    <subfield code="u">http://zaguan.unizar.es/record/154077/files/TAZ-TFG-2024-1443.pdf</subfield>
    <subfield code="y">Memoria (spa)</subfield>
  </datafield>
  <datafield tag="909" ind1="C" ind2="O">
    <subfield code="o">oai:zaguan.unizar.es:154077</subfield>
    <subfield code="p">driver</subfield>
    <subfield code="p">trabajos-fin-grado</subfield>
  </datafield>
  <datafield tag="950" ind1=" " ind2=" ">
    <subfield code="a"></subfield>
  </datafield>
  <datafield tag="691" ind1=" " ind2=" ">
    <subfield code="a">0</subfield>
  </datafield>
  <datafield tag="692" ind1=" " ind2=" ">
    <subfield code="a"></subfield>
  </datafield>
  <datafield tag="700" ind1=" " ind2=" ">
    <subfield code="a">González Bejarano, Sergio</subfield>
    <subfield code="e">dir.</subfield>
  </datafield>
  <datafield tag="710" ind1="2" ind2=" ">
    <subfield code="a">Universidad de Zaragoza</subfield>
    <subfield code="b">Cirugía</subfield>
    <subfield code="c">Estomatología</subfield>
  </datafield>
  <datafield tag="980" ind1=" " ind2=" ">
    <subfield code="a">TAZ</subfield>
    <subfield code="b">TFG</subfield>
    <subfield code="c">FCSHUES</subfield>
  </datafield>
  <datafield tag="999" ind1=" " ind2=" ">
    <subfield code="a">20240529190744.CREATION_DATE</subfield>
  </datafield>
  <datafield tag="951" ind1=" " ind2=" ">
    <subfield code="a">deposita:2025-05-12</subfield>
  </datafield>
</record>
</collection>